<?xml version="1.0" encoding="UTF-8"?>
<record
    xmlns:xsi="http://www.w3.org/2001/XMLSchema-instance"
    xsi:schemaLocation="http://www.loc.gov/MARC21/slim http://www.loc.gov/standards/marcxml/schema/MARC21slim.xsd"
    xmlns="http://www.loc.gov/MARC21/slim">

  <leader>00730cam a22002774a 4500</leader>
  <datafield tag="999" ind1=" " ind2=" ">
    <subfield code="c">17885</subfield>
    <subfield code="d">17885</subfield>
  </datafield>
  <controlfield tag="001">YPZ86859</controlfield>
  <controlfield tag="003">YPZ</controlfield>
  <controlfield tag="005">20230517093903.0</controlfield>
  <controlfield tag="008">070827|###########||||||b||||||||||spa|d</controlfield>
  <datafield tag="020" ind1=" " ind2=" ">
    <subfield code="a">9505727119</subfield>
  </datafield>
  <datafield tag="040" ind1=" " ind2=" ">
    <subfield code="c">SIUNPA</subfield>
    <subfield code="b">spa</subfield>
    <subfield code="e">AACR2</subfield>
  </datafield>
  <datafield tag="041" ind1=" " ind2=" ">
    <subfield code="a">spa</subfield>
  </datafield>
  <datafield tag="044" ind1=" " ind2=" ">
    <subfield code="a">ag</subfield>
  </datafield>
  <datafield tag="080" ind1=" " ind2=" ">
    <subfield code="a">347.249 A691c</subfield>
  </datafield>
  <datafield tag="110" ind1=" " ind2=" ">
    <subfield code="a">Argentina. Leyes, etc..</subfield>
  </datafield>
  <datafield tag="240" ind1=" " ind2=" ">
    <subfield code="a">C&#xF3;digo de miner&#xED;a</subfield>
  </datafield>
  <datafield tag="245" ind1=" " ind2=" ">
    <subfield code="a">C&#xF3;digo de miner&#xED;a</subfield>
    <subfield code="c">/ edici&#xF3;n al cuidado Marianela Chirinian</subfield>
  </datafield>
  <datafield tag="260" ind1=" " ind2=" ">
    <subfield code="a">Buenos Aires</subfield>
    <subfield code="b"> : Zavalia</subfield>
    <subfield code="c"> , 2006</subfield>
  </datafield>
  <datafield tag="300" ind1=" " ind2=" ">
    <subfield code="a">355 p.</subfield>
  </datafield>
  <datafield tag="650" ind1=" " ind2=" ">
    <subfield code="a"> MINERIA</subfield>
  </datafield>
  <datafield tag="650" ind1=" " ind2=" ">
    <subfield code="a"> LEGISLACION</subfield>
  </datafield>
  <datafield tag="650" ind1=" " ind2=" ">
    <subfield code="a"> DECRETO 456/1997</subfield>
  </datafield>
  <datafield tag="651" ind1=" " ind2="0">
    <subfield code="9">53</subfield>
    <subfield code="a">ARGENTINA</subfield>
  </datafield>
  <datafield tag="700" ind1=" " ind2=" ">
    <subfield code="4">, ed. al cuidado</subfield>
    <subfield code="a">Chirinian, Marianela</subfield>
  </datafield>
  <datafield tag="942" ind1=" " ind2=" ">
    <subfield code="c">BK</subfield>
    <subfield code="2">udc</subfield>
  </datafield>
  <datafield tag="952" ind1=" " ind2=" ">
    <subfield code="0">0</subfield>
    <subfield code="1">0</subfield>
    <subfield code="2">udc</subfield>
    <subfield code="4">0</subfield>
    <subfield code="7">0</subfield>
    <subfield code="8">CG</subfield>
    <subfield code="a">BIB_RECT</subfield>
    <subfield code="b">BIB_UART</subfield>
    <subfield code="d">2007-08-23</subfield>
    <subfield code="e">SIUNPA</subfield>
    <subfield code="g">22.00</subfield>
    <subfield code="i">03-32959</subfield>
    <subfield code="o">347.249 A691c</subfield>
    <subfield code="p">03-32959</subfield>
    <subfield code="r">2019-04-03</subfield>
    <subfield code="t">ej.1</subfield>
    <subfield code="v">22.00</subfield>
    <subfield code="w">2019-04-03</subfield>
    <subfield code="y">BK</subfield>
  </datafield>
  <datafield tag="952" ind1=" " ind2=" ">
    <subfield code="0">0</subfield>
    <subfield code="1">0</subfield>
    <subfield code="2">udc</subfield>
    <subfield code="4">0</subfield>
    <subfield code="7">0</subfield>
    <subfield code="8">CG</subfield>
    <subfield code="a">BIB_RECT</subfield>
    <subfield code="b">BIB_UART</subfield>
    <subfield code="d">2007-08-23</subfield>
    <subfield code="e">SIUNPA</subfield>
    <subfield code="g">22.00</subfield>
    <subfield code="i">03-32960</subfield>
    <subfield code="o">347.249 A691c</subfield>
    <subfield code="p">03-32960</subfield>
    <subfield code="r">2019-04-03</subfield>
    <subfield code="t">ej.2</subfield>
    <subfield code="v">22.00</subfield>
    <subfield code="w">2019-04-03</subfield>
    <subfield code="y">BK</subfield>
  </datafield>
</record>
